Окислительное обессеривание вакуумного газойля Новокуйбышевского нефтеперерабатывающего завода; Проблемы геологии и освоения недр; Т. 2

Бібліографічні деталі
Parent link:Проблемы геологии и освоения недр: труды XXI Международного симпозиума имени академика М. А. Усова студентов и молодых ученых, посвященного 130-летию со дня рождения профессора М. И. Кучина, Томск, 3-7 апреля 2017 г./ Национальный исследовательский Томский политехнический университет (ТПУ), Институт природных ресурсов (ИПР) ; под ред. А. С. Боева.— , 2017
Т. 2.— 2017.— [С. 317-318]
Автор: Иовик Ю. А.
Співавтор: Российская академия наук (РАН) Сибирское отделение (СО) Институт химии нефти (ИХН)
Інші автори: Кривцов Е. Б. (научный руководитель), Головко А. К.
Резюме:Заглавие с экрана
Мова:Російська
Опубліковано: 2017
Серія:Современные технологии подготовки и переработки природных ресурсов. Химическая технология подготовки и переработки горючих ископаемых
Предмети:
Онлайн доступ:http://earchive.tpu.ru/handle/11683/45074
Формат: MixedMaterials Електронний ресурс Частина з книги
KOHA link:https://koha.lib.tpu.ru/cgi-bin/koha/opac-detail.pl?biblionumber=625088

MARC

LEADER 00000naa2a2200000 4500
001 625088
005 20231101133339.0
035 |a (RuTPU)RU\TPU\conf\24348 
035 |a RU\TPU\conf\24341 
090 |a 625088 
100 |a 20171206d2017 k y0rusy50 ca 
101 0 |a rus 
102 |a RU 
105 |a y z 100zy 
135 |a drgn ---uucaa 
181 0 |a i  
182 0 |a b 
200 1 |a Окислительное обессеривание вакуумного газойля Новокуйбышевского нефтеперерабатывающего завода  |f Ю. А. Иовик, Е. Б. Кривцов, А. К. Головко  |g науч. рук. Е. Б. Кривцов 
203 |a Текст  |c электронный 
225 1 |a Современные технологии подготовки и переработки природных ресурсов. Химическая технология подготовки и переработки горючих ископаемых 
230 |a 1 компьютерный файл (pdf; 389 Kb) 
300 |a Заглавие с экрана 
320 |a [Библиогр.: с. 318 (3 назв.)] 
461 1 |0 (RuTPU)RU\TPU\conf\21932  |t Проблемы геологии и освоения недр  |o труды XXI Международного симпозиума имени академика М. А. Усова студентов и молодых ученых, посвященного 130-летию со дня рождения профессора М. И. Кучина, Томск, 3-7 апреля 2017 г.  |o в 2 т.  |f Национальный исследовательский Томский политехнический университет (ТПУ), Институт природных ресурсов (ИПР) ; под ред. А. С. Боева  |d 2017 
463 1 |0 (RuTPU)RU\TPU\conf\21938  |t Т. 2  |v [С. 317-318]  |d 2017 
610 1 |a электронный ресурс 
610 1 |a окислительное обессеривание 
610 1 |a вакуумный газойль 
610 1 |a нефтеперерабатывающие заводы 
610 1 |a переработка 
610 1 |a нефти 
610 1 |a окисление 
700 1 |a Иовик  |b Ю. А. 
701 1 |a Кривцов  |b Е. Б. 
701 1 |a Головко  |b А. К. 
702 1 |a Кривцов  |b Е. Б.  |4 727 
712 0 2 |a Российская академия наук (РАН)  |b Сибирское отделение (СО)  |b Институт химии нефти (ИХН)  |c (Томск)  |2 stltpush  |3 (RuTPU)RU\TPU\col\412 
801 2 |a RU  |b 63413507  |c 20171212  |g RCR 
856 4 |u http://earchive.tpu.ru/handle/11683/45074 
942 |c BK